[Event "Hastings Weekend op 98th"]
[Site "Hastings"]
[Date "2025.01.05"]
[Round "5"]
[White "Kim, Yegeon"]
[Black "Lesniowski, Paul A"]
[Result "0-1"]
[WhiteElo "1697"]
[BlackElo "1874"]
[PlyCount "156"]
[EventDate "2025.01.03"]
[EventType "swiss"]
[EventRounds "5"]
[EventCountry "ENG"]
[SourceTitle "CB03_2025"]
[SourceDate "2025.01.15"]
[SourceVersion "1"]
[SourceVersionDate "2025.01.15"]
[SourceQuality "1"]

1. e4 c5 2. Nf3 e6 3. d4 cxd4 4. Nxd4 Nc6 5. Nb5 d6 6. c4 Nf6 7. N5c3 Be7 8. Be2 0-0 9. Be3 b6 10. 0-0 Bb7 11. Nd2 d5 12. cxd5 exd5 13. exd5 Nxd5 14. Nxd5 Qxd5 15. Bf3 Qd7 16. Qa4 Rac8 17. Rac1 Rfd8 18. Rfd1 Qe6 19. Nf1 Rxd1 20. Rxd1 h6 21. Ng3 Rc7 22. Bg4 Qf6 23. Bf4 b5 24. Qe4 Nb4 25. Qe3 Nc2 26. Qd2 Rc4 27. Nh5 Qg6 28. f3 Nd4 29. Ng3 Bc5 30. Be3 Rc2 31. Qd3 Qb6 32. Bxd4 Rxb2 33. a3 Ra2 34. Bf5 g6 35. Be4 Bxd4+ 36. Qxd4 Qxd4+ 37. Rxd4 Bxe4 38. Nxe4 Rxa3 39. Rb4 a6 40. Rb2 f5 41. Nd2 Kf7 42. Kf2 Ke6 43. Ke2 Kd5 44. Nb1 Ra1 45. Kd3 Kc5 46. Nd2 Ra3+ 47. Kc2 b4 48. Nb3+ Kc4 49. Nd2+ Kc5 50. Nf1 Rc3+ 51. Kd2 a5 52. Ng3 a4 53. Ne2 Rc4 54. Nc1 Kb5 55. Nd3 a3 56. Ra2 Rc3 57. Rc2 Rb3 58. Ne5 Rb1 59. Ra2 Ka4 60. Nc4 Kb3 61. Rc2 Rb2 62. Na5+ Ka2 63. Kc1 b3 64. Rc8 Rxg2 65. Nxb3 Kxb3 66. Rb8+ Ka2 67. Rb6 Ka1 68. Ra6 a2 69. Rb6 h5 70. h3 h4 71. Rb4 g5 72. Rb5 f4 73. Ra5 Rg3 74. Kc2 Rxf3 75. Rxg5 Rf1 76. Rg4 f3 77. Rxh4 f2 78. Rf4 Rb1 0-1

[Event "Hastings Masters op 98th"]
[Site "Hastings"]
[Date "2025.01.01"]
[Round "7"]
[White "Zhang, Junyi"]
[Black "Kim, Yegeon"]
[Result "1-0"]
[WhiteElo "2070"]
[BlackElo "1697"]
[PlyCount "59"]
[EventDate "2024.12.28"]
[EventType "swiss"]
[EventRounds "9"]
[EventCountry "ENG"]
[SourceTitle "CB02_2025"]
[SourceDate "2025.01.08"]
[SourceVersion "1"]
[SourceVersionDate "2025.01.08"]
[SourceQuality "1"]

1. e4 c5 2. Nf3 d6 3. d4 cxd4 4. Nxd4 Nf6 5. f3 e5 6. Nb3 d5 7. Bg5 d4 8. c3 Nc6 9. cxd4 Bb4+ 10. Bd2 0-0 11. Bxb4 Nxb4 12. Qd2 Nxe4 13. fxe4 Qh4+ 14. Kd1 Bg4+ 15. Be2 exd4 16. Na3 d3 17. Bf3 Nc6 18. Qe3 f5 19. Nd2 Ne5 20. Nac4 Nxc4 21. Nxc4 Rae8 22. Nd2 fxe4 23. Nxe4 Bf5 24. Re1 Re6 25. g3 Qe7 26. Qc5 Re8 27. Qxf5 Qb4 28. Nf6+ gxf6 29. Rxe6 Qa4+ 30. b3 1-0

[Event "Hastings Masters op 98th"]
[Site "Hastings"]
[Date "2024.12.29"]
[Round "2"]
[White "Kim, Yegeon"]
[Black "Verbytski, Oleg"]
[Result "0-1"]
[WhiteElo "1697"]
[BlackElo "2033"]
[PlyCount "100"]
[EventDate "2024.12.28"]
[EventType "swiss"]
[EventRounds "9"]
[EventCountry "ENG"]
[SourceTitle "CB02_2025"]
[SourceDate "2025.01.08"]
[SourceVersion "1"]
[SourceVersionDate "2025.01.08"]
[SourceQuality "1"]

1. e4 c5 2. Nf3 d6 3. Bb5+ Bd7 4. Bxd7+ Qxd7 5. c4 g6 6. Nc3 Bg7 7. d4 cxd4 8. Nxd4 Nc6 9. Be3 Nf6 10. f3 0-0 11. 0-0 Rac8 12. b3 a6 13. Qd3 Rb8 14. Rac1 Nxd4 15. Bxd4 b5 16. Bxf6 bxc4 17. Qxc4 Qa7+ 18. Kh1 Rfc8 19. Qd3 Bxf6 20. Nd5 Bg7 21. Rc4 Rxc4 22. Qxc4 a5 23. Rc1 e6 24. Nc3 Qe3 25. Ne2 d5 26. exd5 exd5 27. Qf4 Qxf4 28. Nxf4 Bh6 29. g3 Rd8 30. Rd1 Bxf4 31. gxf4 d4 32. Kg2 Kg7 33. f5 g5 34. Kg3 Kf6 35. a3 Kxf5 36. b4 axb4 37. axb4 h5 38. h4 f6 39. hxg5 fxg5 40. Kf2 h4 41. b5 Ke5 42. Rg1 Kf4 43. Rd1 d3 44. b6 g4 45. fxg4 h3 46. b7 h2 47. Rf1 d2 48. Kg2+ Ke3 49. Rb1 d1Q 50. b8Q h1Q+ 0-1